| 000 | 00481nam a2200169Ia 4500 | ||
|---|---|---|---|
| 008 | 230917s9999||||xx |||||||||||||| ||und|| | ||
| 020 | _cUSD46.95 | ||
| 040 |
_e258070 _aMAIN |
||
| 041 | _aEnglish | ||
| 082 | _a940.28 L641H | ||
| 100 | _aLindemann, Albert S | ||
| 245 | 0 | _aHistory of modern Europe: From 1815 to the present | |
| 260 |
_aChichester _bJohn Wiley _c2013 |
||
| 300 | _axxiii, 437 p. | ||
| 500 | _a3644 27/09/2019 APD19/1102313 27/09/2017 Main Budget | ||
| 942 | _cBK | ||
| 999 |
_c33001 _d33001 |
||